History Quiz

Random History or Letter Quiz

'B' Battles (Clickable) Quiz Stats

 Plays Quiz not verified by Sporcle

Score 0/15 Timer 05:00
1 Play Today
% Correct
Bulge
80.5%
Bunker Hill
78.9%
Buena Vista
70.5%
Britain
70.5%
Bannockburn
69.8%
Bull Run
69.6%
Bamianshan
68.5%
Balaclava
68.3%
% Correct
Bosworth Field
66.2%
Bagradas River
60.7%
Brunkeberg
55%
Boyne
53.6%
Brusilov
40%
Blenheim
36%
Breitenfeld
33.1%

You're not logged in!

Compare scores with friends on all Sporcle quizzes.
OR
Log In

Show Comments

Extras

Top Quizzes Today


Score Distribution

Your Account Isn't Verified!

In order to create a playlist on Sporcle, you need to verify the email address you used during registration. Go to your Sporcle Settings to finish the process.

Report this User

Report this user for behavior that violates our Community Guidelines.

Details: